Química estructural inorgánica: tratado general de química inorgánica desarrollado con la teoría de la constitución estructural de los cuerpos orgánicos

Gespeichert in:
Bibliographische Detailangaben
1. Verfasser: Hückel, Walter (VerfasserIn)
Format: Buch
Sprache:Spanisch
Veröffentlicht: Barcelona Reveté 1953
Schlagworte:
Tags: Tag hinzufügen
Keine Tags, Fügen Sie den ersten Tag hinzu!

MARC

LEADER 00000nam a2200000 a 4500
001 UCU3907
003 CL-VaPUC
008 960510e19530000SP |||||||||||||||||spa|d
082 0 4 |a 546  |b HUC  |2 21 
100 |a Hückel, Walter  |e author  |9 361119 
245 1 0 |a Química estructural inorgánica: tratado general de química inorgánica desarrollado con la teoría de la constitución estructural de los cuerpos orgánicos 
300 |a v 
942 |c BK 
945 |d 19960510 00:00:00  |a lriquelm 
260 |a Barcelona  |b Reveté  |c 1953 
650 0 |a Química  |9 259896 
650 0 |a Química inorgánica  |9 260154 
650 7 |a CRISTALOGRAFIA  |2 CL-VaPUC  |9 345856 
650 0 |a Química analítica  |9 259648 
650 0 |a Reacciones químicas  |9 259438 
650 7 |a SILICATOS INORGANICOS  |2 CL-VaPUC  |9 361120 
583 |a last modification  |c 19960510 00:00:00  |k Rodrigo Vera 
999 |c 247764  |d 247762